[Event "GER-chT U16"]
[Site "Naumburg"]
[Date "2012.12.29"]
[Round "6"]
[White "Kremer, Moritz"]
[Black "Nissen, Arne"]
[Result "1-0"]
[WhiteElo "1725"]
[BlackElo "1082"]
[PlyCount "93"]
[EventDate "2012.12.27"]
[EventType "team-swiss"]
[EventRounds "7"]
[EventCountry "GER"]
[SourceTitle "EXT 2014"]
[Source "ChessBase"]
[SourceDate "2013.11.20"]
[SourceVersion "1"]
[SourceVersionDate "2013.11.20"]
[SourceQuality "1"]
[WhiteTeam "Muelheim Nord"]
[BlackTeam "Iserlohn Koenigsspringer"]
[WhiteTeamCountry "GER"]
[BlackTeamCountry "GER"]

1. d4 c5 2. c3 e6 3. g3 Nf6 4. Bg2 Be7 5. e4 d6 6. dxc5 dxc5 7. Qxd8+ Bxd8 8. f4 0-0 9. Be3 Be7 10. Nd2 Nc6 11. Ngf3 b6 12. e5 Nd5 13. Bf2 Bb7 14. 0-0 Rfd8 15. Ne4 Rd7 16. Nfd2 Ba6 17. Rfd1 Rad8 18. Bf3 Na5 19. h4 Nc4 20. Nxc4 Bxc4 21. Kh2 Ba6 22. Rd2 Nc7 23. Rad1 Rxd2 24. Rxd2 Rxd2 25. Nxd2 c4 26. Be2 Nd5 27. Bxc4 Bxc4 28. Nxc4 Bc5 29. Bxc5 bxc5 30. Kg2 f6 31. exf6 gxf6 32. Kf3 Kf7 33. Nd6+ Kg6 34. Ne4 c4 35. Nd6 Nb6 36. Kg4 h5+ 37. Kf3 f5 38. Ke3 Kf6 39. Kd4 a6 40. Nxc4 Nxc4 41. Kxc4 e5 42. fxe5+ Kxe5 43. Kd3 f4 44. gxf4+ Kxf4 45. c4 Ke5 46. Kc3 a5 47. b3 1-0

[Event "Dortmund Sparkassen op-B"]
[Site "Dortmund"]
[Date "2012.07.14"]
[Round "1"]
[White "Nissen, Arne"]
[Black "Vestrick, Frank"]
[Result "0-1"]
[WhiteElo "1976"]
[BlackElo "1636"]
[PlyCount "45"]
[EventDate "2012.07.14"]
[EventType "swiss"]
[EventRounds "9"]
[EventCountry "GER"]
[SourceTitle "EXT 2014"]
[Source "ChessBase"]
[SourceDate "2013.11.20"]
[SourceVersion "1"]
[SourceVersionDate "2013.11.20"]
[SourceQuality "1"]

1. d4 Nf6 2. c4 g6 3. e3 Bg7 4. Nc3 d6 5. Nf3 0-0 6. Be2 Nc6 7. 0-0 e5 8. d5 Ne7 9. e4 Ne8 10. Bg5 h6 11. Be3 f5 12. c5 f4 13. Bd2 g5 14. h3 Ng6 15. c6 b6 16. Rc1 Kf7 17. Be1 Rh8 18. Nd2 Nf6 19. Kh2 h5 20. g4 hxg4 21. Bxg4 Bxg4 22. f3 Rxh3+ 23. Kg1 0-1